[Event "Faxe EMT 2010"]
[Site "Faxe"]
[Date "2010.04.14"]
[Round "4"]
[White "Hansen, Egon"]
[Black "Lillebro, Verner"]
[Result "1/2-1/2"]
[WhiteElo "1522"]
[BlackElo "1224"]
[PlyCount "37"]
[EventDate "2010.??.??"]

1. e4 e5 2. Bc4 Bc5 3. Nf3 d6 4. h3 Nf6 5. Nc3 c6 6. d3 h6 7. O-O a5 8. a4 O-O
9. Re1 Nbd7 10. Be3 Bxe3 11. fxe3 Nb6 12. Bb3 Qe7 13. Qe2 Be6 14. Bxe6 Qxe6 15.
d4 Qe7 16. Rad1 exd4 17. exd4 d5 18. exd5 Qxe2 19. Rxe2 1/2-1/2

[Event "Faxe EMT 2010"]
[Site "Faxe"]
[Date "2010.04.14"]
[Round "4"]
[White "Christoffersen, Per"]
[Black "Andersen, Hans E"]
[Result "1-0"]
[WhiteElo "1477"]
[BlackElo "1433"]
[PlyCount "118"]
[EventDate "2010.??.??"]

1. d4 g6 2. c4 Bg7 3. Nc3 Nc6 4. d5 Bxc3+ 5. bxc3 Ne5 6. Qd4 f6 7. e4 d6 8. Be2
c5 9. Qd1 b6 10. f4 Nf7 11. Nf3 Ngh6 12. h3 f5 13. e5 e6 14. O-O O-O 15. a4 a5
16. Rb1 Rb8 17. exd6 Nxd6 18. Ne5 Qc7 19. Qc2 Nhf7 20. Be3 Ba6 21. dxe6 Nxe5
22. fxe5 Nxc4 23. Bxc4 Bxc4 24. Rf2 Bxe6 25. Rd1 Rb7 26. Rd6 Re8 27. Bg5 c4 28.
Bf6 b5 29. axb5 Rxb5 30. Rfd2 Rbb8 31. Qd1 Ra8 32. Qa4 Rab8 33. Rd1 Qc5+ 34.
Kh1 Qb5 35. Qa1 a4 36. Qc1 Qb7 37. Qh6 Qf7 38. Ra6 Ra8 39. Rdd6 Qf8 40. Qxf8+
Kxf8 41. Rxe6 Rxe6 42. Rxa8+ Re8 43. Rxa4 Rc8 44. Kg1 Rc7 45. Kf2 Kf7 46. Ke3
h6 47. g4 fxg4 48. hxg4 h5 49. gxh5 gxh5 50. Kf4 Kg6 51. Ra6 Rc8 52. Bh4+ Kf7
53. Ra7+ Kg6 54. e6 Rf8+ 55. Ke5 Rf3 56. e7 Kf7 57. Ra8 Re3+ 58. Kd6 Rd3+ 59.
Kc5 Re3 1-0

[Event "Faxe EMT 2010"]
[Site "Faxe"]
[Date "2010.04.21"]
[Round "5"]
[White "Hansen, Jens Hjort"]
[Black "Arendal, Gustav"]
[Result "0-1"]
[WhiteElo "1975"]
[BlackElo "1890"]
[PlyCount "120"]
[EventDate "2010.??.??"]

1. e4 e5 2. Nf3 Nc6 3. Bb5 a6 4. Ba4 b5 5. Bb3 Nf6 6. O-O Bd6 7. d3 O-O 8. c3
Na5 9. Bc2 Bb7 10. Re1 Re8 11. Nbd2 c5 12. Nf1 Bf8 13. Bg5 h6 14. Bh4 d6 15.
Ne3 Rc8 16. Nd2 g6 17. Qf3 Bg7 18. Nb3 Nc6 19. Rad1 a5 20. Nd2 g5 21. Bg3 Qd7
22. h3 Ne7 23. Ndf1 Nh7 24. Qe2 Rf8 25. Nh2 Qc6 26. d4 exd4 27. cxd4 cxd4 28.
Bd3 dxe3 29. Qxe3 Nf5 30. Qe2 Nxg3 31. fxg3 Qc5+ 32. Kh1 b4 33. b3 Qe5 34. Bc4
Nf6 35. Ng4 Nxg4 36. Qxg4 Rc7 37. Rd3 Kh7 38. Qd1 Rd7 39. Rf3 Qd4 40. Rd3 Qc5
41. Qg4 Re7 42. Rf3 Bc8 43. Qh5 Qe5 44. Ref1 Be6 45. Bd3 f6 46. Rf5 Qd4 47. Qf3
Kh8 48. Rxa5 Rc7 49. Qe2 Rc3 50. Rd1 Rc5 51. Ra6 Qe5 52. Bb1 Qxg3 53. Raxd6 Re5
54. Qa6 Re8 55. Qc6 Rc8 56. Rd8+ Rxd8 57. Rxd8+ Kh7 58. Rd1 Bxh3 59. Qc2 Bg4
60. Rd5 Qc3 0-1

[Event "Faxe EMT 2010"]
[Site "Faxe"]
[Date "2010.04.21"]
[Round "5"]
[White "Lindskov, Villy"]
[Black "Andersen, Bjarne Hjorth"]
[Result "1/2-1/2"]
[WhiteElo "1767"]
[BlackElo "1860"]
[PlyCount "73"]
[EventDate "2010.??.??"]

1. e4 c6 2. d4 d5 3. e5 Bf5 4. Bd3 Bxd3 5. Qxd3 e6 6. c3 Nd7 7. Ne2 Ne7 8. Nd2
c5 9. b3 Nc6 10. a3 Rc8 11. O-O cxd4 12. cxd4 Be7 13. Bb2 O-O 14. f4 Qb6 15.
Kh1 f5 16. Rac1 a6 17. b4 Na7 18. Nb3 Qb5 19. Qxb5 Nxb5 20. Nc5 Nxc5 21. dxc5
a5 22. Nd4 Nxd4 23. Bxd4 axb4 24. axb4 Rc7 25. g3 Ra8 26. Ra1 Rcc8 27. Rxa8
Rxa8 28. Ra1 Rxa1+ 29. Bxa1 Kf8 30. Bd4 Ke8 31. b5 g5 32. fxg5 Bxg5 33. Kg2 Bd2
34. Kf3 Kd7 35. Ke2 Bc1 36. Kd3 Bg5 37. Be3 1/2-1/2

[Event "Faxe EMT 2010"]
[Site "Faxe"]
[Date "2010.04.21"]
[Round "5"]
[White "Hansen, Aage"]
[Black "Refsgaard, Kaj"]
[Result "1-0"]
[WhiteElo "1607"]
[BlackElo "1584"]
[PlyCount "133"]
[EventDate "2010.??.??"]

1. e4 c5 2. Nf3 g6 3. d4 cxd4 4. Nxd4 Nc6 5. c4 Bg7 6. Be3 Nf6 7. Nc3 d6 8. Be2
Bd7 9. O-O O-O 10. Rc1 Rc8 11. a3 Ne5 12. b3 a6 13. h3 Qa5 14. f4 Nc6 15. Nd5
Nxe4 16. Nxc6 Bxc6 17. Nxe7+ Kh8 18. Nxc8 Rxc8 19. Bd4 Qxa3 20. Bf3 Ng3 21. Ra1
Qb4 22. Rf2 Bxd4 23. Qxd4+ Kg8 24. Bxc6 Rxc6 25. Qe3 Nf5 26. Qd3 Qc5 27. Raf1
Rc8 28. Kh2 Re8 29. Qf3 b6 30. g4 Nd4 31. Qg3 Ne2 32. Qd3 Qd4 33. Qxd4 Nxd4 34.
b4 Re3 35. f5 gxf5 36. gxf5 Kg7 37. f6+ Kh6 38. Rf4 Ne6 39. Rh4+ Kg6 40. Rg4+
Kh5 41. Rf5+ Kh6 42. Rd5 Rb3 43. b5 Rb2+ 44. Kg1 a5 45. Rxd6 Ng5 46. Kf1 a4 47.
Rd3 Kh5 48. Ra3 Nxh3 49. Rg7 Ng5 50. Rxa4 Rb1+ 51. Ke2 Rb2+ 52. Kd3 Rb3+ 53.
Kc2 Rf3 54. Ra6 Rxf6 55. c5 Rf2+ 56. Kb3 Rf3+ 57. Kc4 Rf4+ 58. Kd5 bxc5 59. b6
Rf5+ 60. Kc4 Rf4+ 61. Kb5 Rb4+ 62. Kxc5 Rb2 63. Rg8 f5 64. Kc6 f4 65. Ra5 h6
66. b7 Rc2+ 67. Kb6 1-0

[Event "Faxe EMT 2010"]
[Site "Faxe"]
[Date "2010.04.21"]
[Round "5"]
[White "Joost, Kjeld"]
[Black "Eriksen, Keld"]
[Result "0-1"]
[WhiteElo "1334"]
[BlackElo "1633"]
[PlyCount "56"]
[EventDate "2010.??.??"]

1. e4 c5 2. Nc3 Nc6 3. Nf3 d6 4. a3 Nf6 5. Bc4 e6 6. d3 Be7 7. Be3 O-O 8. O-O
a6 9. Qd2 d5 10. exd5 exd5 11. Nxd5 Nxd5 12. d4 Nxe3 13. Qxe3 cxd4 14. Qe4 Bf6
15. Rad1 Qc7 16. Rfe1 Bd7 17. Bd3 g6 18. h4 Rfe8 19. Qd5 Be6 20. Rxe6 Rxe6 21.
Ng5 Bxg5 22. Qxg5 Rae8 23. f3 Re3 24. Kf2 R8e5 25. Qg4 h5 26. Qf4 Rxd3 27. cxd3
Re2+ 28. Kg3 Rxg2+ 0-1

[Event "Faxe EMT 2010"]
[Site "Faxe"]
[Date "2010.04.21"]
[Round "5"]
[White "Christoffersen, Ib"]
[Black "Strandsbjerg, Jens"]
[Result "0-1"]
[WhiteElo "1460"]
[BlackElo "1555"]
[PlyCount "122"]
[EventDate "2010.??.??"]

1. e4 e6 2. d4 d5 3. e5 c5 4. Nf3 Nc6 5. Bb5 Bd7 6. O-O cxd4 7. Bxc6 bxc6 8.
Nxd4 Ne7 9. Bg5 Qc7 10. Nf3 Ng6 11. Re1 Be7 12. Nbd2 Bxg5 13. Nxg5 Nxe5 14.
Ndf3 Nxf3+ 15. Qxf3 Bc8 16. Re3 h6 17. Nh3 e5 18. Qg3 f6 19. Nf4 Bf5 20. Ne2
O-O 21. c3 Qf7 22. Qh4 Bh7 23. Rg3 Kh8 24. Rf1 c5 25. Kh1 d4 26. cxd4 cxd4 27.
f4 d3 28. Nc3 e4 29. f5 Rad8 30. Qxe4 d2 31. b3 Rfe8 32. Qf3 Re1 33. Nd1 Qd7
34. Qf2 Bxf5 35. Re3 Bg4 36. Rexe1 dxe1=Q 37. Rxe1 Bxd1 38. h3 Bh5 39. Re3 Qd1+
40. Kh2 Qd2 41. Qg3 Qd6 42. Qxd6 Rxd6 43. a3 Bg6 44. b4 Rd3 45. Rxd3 Bxd3 46.
Kg3 a6 47. h4 Kg8 48. Kf4 Kf7 49. g3 g5+ 50. hxg5 hxg5+ 51. Ke3 Bb5 52. Ke4 Ke6
53. Ke3 Ke5 54. Kf3 f5 55. Ke3 f4+ 56. Kf3 Bc6+ 57. Kf2 f3 58. Ke3 g4 59. Kf2
Ke4 60. Ke1 Ke3 61. Kf1 Bb5+ 0-1

[Event "Faxe EMT 2010"]
[Site "Faxe"]
[Date "2010.04.21"]
[Round "5"]
[White "Brinkhard, Anders"]
[Black "Johannsen, Bjorn"]
[Result "1/2-1/2"]
[WhiteElo "1439"]
[BlackElo "1553"]
[PlyCount "67"]
[EventDate "2010.??.??"]

1. Nf3 d5 2. d4 c6 3. c3 Bf5 4. Bf4 e6 5. h3 Bd6 6. Bxd6 Qxd6 7. e3 Nd7 8. Bd3
Bg6 9. Qe2 Ngf6 10. Nbd2 Bh5 11. e4 dxe4 12. Nxe4 Nxe4 13. Bxe4 Nf6 14. Bc2 Nd5
15. Qe5 Qxe5+ 16. Nxe5 Nf4 17. g4 Bg6 18. Bd1 O-O-O 19. Be2 f6 20. Nxg6 hxg6
21. Bf1 e5 22. dxe5 Rhe8 23. f3 Rxe5+ 24. Kf2 Rd2+ 25. Kg3 Ne2+ 26. Bxe2 Rexe2
27. Rab1 g5 28. Rhg1 g6 29. h4 gxh4+ 30. Kxh4 Rf2 31. Kg3 g5 32. a4 Kc7 33. b4
Rfe2 34. Rbe1 1/2-1/2

[Event "Faxe EMT 2010"]
[Site "Faxe"]
[Date "2010.04.21"]
[Round "5"]
[White "Andersen, Hans Poul"]
[Black "Hansen, Borge"]
[Result "0-1"]
[WhiteElo "1172"]
[BlackElo "1525"]
[PlyCount "90"]
[EventDate "2010.??.??"]

1. e4 c5 2. Nc3 Nc6 3. Nf3 e5 4. d3 Nf6 5. Be2 Be7 6. h3 O-O 7. O-O d6 8. a3 a6
9. Bd2 Bd7 10. Nd5 Nxd5 11. exd5 Nd4 12. Nxd4 cxd4 13. f4 Rc8 14. f5 Bg5 15.
Bg4 Bxd2 16. Qxd2 f6 17. Rac1 Rc5 18. c4 dxc3 19. bxc3 Rxd5 20. Qa2 Bc6 21. Bf3
Qa5 22. Bxd5+ Bxd5 23. Qb2 Kh8 24. Rf2 Bc6 25. Qb4 Qd8 26. Re1 Qd7 27. Re3 Rd8
28. Rg3 Qc7 29. Rg4 a5 30. Qb2 d5 31. Qb1 Bd7 32. c4 d4 33. Rg3 Bc6 34. Kh2 Ra8
35. c5 a4 36. Qb4 Rd8 37. Rb2 Rd5 38. Qb6 Qe7 39. Rc2 h6 40. h4 Qf7 41. Rg6 Qd7
42. g4 Qc8 43. Rb2 Qe8 44. Qc7 Rd7 45. Qb6 Qc8 0-1

[Event "Faxe EMT 2010"]
[Site "Faxe"]
[Date "2010.04.21"]
[Round "5"]
[White "Eriksen, Knud Ejler"]
[Black "Hansen, Egon"]
[Result "1/2-1/2"]
[WhiteElo "1060"]
[BlackElo "1522"]
[PlyCount "95"]
[EventDate "2010.??.??"]

1. Nf3 d5 2. d4 Nf6 3. e3 e6 4. a3 Bd6 5. Bd3 Nbd7 6. Nbd2 e5 7. dxe5 Nxe5 8.
Bb5+ c6 9. Ba4 Bg4 10. h3 Bh5 11. c3 Bg6 12. Nxe5 Bxe5 13. Nf3 Qd6 14. Qd2 Ne4
15. Qe2 O-O 16. Bc2 f5 17. O-O Bh5 18. Bd1 g5 19. Qe1 g4 20. Nxe5 Qxe5 21. Bd2
Rf6 22. Rb1 Qe8 23. h4 Qf7 24. Be2 Re8 25. b3 f4 26. c4 f3 27. Bd3 fxg2 28.
Kxg2 Qe6 29. cxd5 cxd5 30. Rc1 Ref8 31. Bxe4 Qxe4+ 32. Kg1 Qf3 33. Bb4 Re8 34.
Rc7 Bg6 35. Qd1 Rf7 36. Qxf3 gxf3 37. Rxf7 Kxf7 38. Rc1 Rg8 39. Rc7+ Ke6 40.
Kh2 Bf5 41. Kh1 Rg4 42. Rc3 Rxh4+ 43. Kg1 Bh3 44. Kh2 Bg2+ 45. Kg3 Rh6 46. Rc7
Rg6+ 47. Kh2 Rh6+ 48. Kg3 1/2-1/2

[Event "Faxe EMT 2010"]
[Site "Faxe"]
[Date "2010.04.21"]
[Round "5"]
[White "Christoffersen, Per"]
[Black "Eckert, Svend"]
[Result "1-0"]
[WhiteElo "1477"]
[BlackElo "1510"]
[PlyCount "90"]
[EventDate "2010.??.??"]

1. d4 Nf6 2. Nf3 e6 3. e3 Be7 4. Bd3 O-O 5. O-O c5 6. b3 a6 7. Bb2 Nc6 8. a3 b5
9. Nbd2 d5 10. c4 b4 11. Ne5 Nxe5 12. dxe5 Nd7 13. axb4 cxb4 14. cxd5 exd5 15.
Qc2 h6 16. Qc6 Nb6 17. Bd4 Rb8 18. Bxa6 Bd7 19. Qc2 Be6 20. Rfc1 Qd7 21. Nf1
Rfd8 22. Ng3 Qe8 23. Qe2 g6 24. Qb2 Kh7 25. Ne2 Bc8 26. Bd3 Be6 27. Nf4 Bf8 28.
Qb1 Nc8 29. Nh5 Bg7 30. Ra6 Ne7 31. Nf4 Bf5 32. Bxf5 Nxf5 33. Qb2 Rb7 34. Rcc6
Re7 35. Nd3 Re6 36. Rxe6 fxe6 37. Nc5 Nxd4 38. exd4 Qb5 39. Nxe6 Qxa6 40. Nxd8
Qc8 41. Nf7 Qc3 42. Qb1 Qxd4 43. Qc1 Qc3 44. Qd1 d4 45. e6 Bf6 1-0

[Event "Faxe EMT 2010"]
[Site "Faxe"]
[Date "2010.04.21"]
[Round "5"]
[White "Wehlast, Svend Erik"]
[Black "Toftvang, Ove"]
[Result "1-0"]
[WhiteElo "1500"]
[BlackElo "1268"]
[PlyCount "125"]
[EventDate "2010.??.??"]

1. d4 g6 2. Nf3 Bg7 3. Bf4 d5 4. e3 a6 5. c4 Nf6 6. h3 O-O 7. Nc3 c6 8. a3 Nh5
9. Bxb8 Rxb8 10. c5 Nf6 11. Bd3 h6 12. Qc2 Nh7 13. O-O f5 14. Ne2 Nf6 15. Ne5
Qe8 16. Nf4 Ne4 17. Nfxg6 Rf6 18. Nf4 e6 19. Be2 Rf8 20. Bh5 Qd8 21. Neg6 Rf6
22. Ne5 Rf8 23. Nfd3 Nf6 24. Qe2 Nxh5 25. Qxh5 Qg5 26. Qxg5 hxg5 27. f4 Bh6 28.
Rf3 Kh7 29. fxg5 Bxg5 30. h4 Bh6 31. h5 b6 32. Nxc6 Rb7 33. b4 Rg7 34. cxb6 Rb7
35. Rc1 Rxb6 36. Na5 Rd6 37. Ne5 f4 38. Rc7+ Kg8 39. Ng6 Rd7 40. Rxd7 Bxd7 41.
Nxf8 Kxf8 42. exf4 Bg7 43. Nb3 Ba4 44. Nc5 Bd1 45. Nxe6+ Kf7 46. Re3 Bh8 47. h6
Bc2 48. Kf2 Be4 49. Ng5+ Kg6 50. Nxe4 Bxd4 51. Nc5 Kxh6 52. Ke2 a5 53. Rd3 Bb2
54. bxa5 d4 55. a6 Bxa3 56. Rxa3 d3+ 57. Nxd3 Kg6 58. a7 Kf5 59. a8=Q Kg4 60.
Qf3+ Kf5 61. g4+ Ke6 62. Qc6+ Kf7 63. Ra7+ 1-0

[Event "Faxe EMT 2010"]
[Site "Faxe"]
[Date "2010.04.21"]
[Round "5"]
[White "Lillebro, Verner"]
[Black "Larsen, Paul M"]
[Result "1/2-1/2"]
[WhiteElo "1224"]
[BlackElo "1472"]
[PlyCount "95"]
[EventDate "2010.??.??"]

1. e4 c6 2. Nf3 d5 3. e5 Bg4 4. Be2 e6 5. d4 Nd7 6. a3 c5 7. c3 f5 8. O-O Bh5
9. Ng5 Bf7 10. Nxf7 Kxf7 11. Nd2 cxd4 12. cxd4 Rc8 13. Nf3 h6 14. g3 g5 15. Nd2
g4 16. f3 h5 17. fxg4 hxg4 18. Bxg4 Ke7 19. Bh5 Bh6 20. g4 Be3+ 21. Kh1 f4 22.
Nf3 Bxc1 23. Rxc1 Nh6 24. Nh4 Nf8 25. Rxf4 Rxc1 26. Qxc1 Kd7 27. Nf3 Nh7 28.
Qc5 Qc7 29. Qxc7+ Kxc7 30. Nd2 Kb6 31. Nb3 Ng5 32. Nc5 Rc8 33. Rf2 Kb5 34. h4
Ne4 35. Nxe4 dxe4 36. Re2 Rc1+ 37. Kg2 Kc4 38. Rxe4 Rc2+ 39. Kf3 Rxb2 40. g5
Nf5 41. Bf7 Rb3+ 42. Kf4 Kd5 43. h5 Nxd4 44. g6 Rf3+ 45. Kg4 Kxe4 46. h6 Nf5
47. h7 Rg3+ 48. Kh5 1/2-1/2

[Event "Faxe EMT 2010"]
[Site "Faxe"]
[Date "2010.04.21"]
[Round "5"]
[White "Larsen, Poul Erik"]
[Black "Andersen, Hans E"]
[Result "1/2-1/2"]
[WhiteElo "1300"]
[BlackElo "1433"]
[PlyCount "85"]
[EventDate "2010.??.??"]

1. Nf3 Nc6 2. e3 e5 3. Nc3 Nf6 4. d3 d5 5. Be2 Bd6 6. O-O Bg4 7. h3 Bh5 8. Nh2
Bg6 9. Ng4 Be7 10. Nxf6+ Bxf6 11. Bf3 Ne7 12. Re1 c6 13. d4 e4 14. Bg4 h5 15.
Be2 Qd7 16. f3 Bh4 17. Rf1 f5 18. fxe4 fxe4 19. Bd2 Nf5 20. Rf4 Bg5 21. Rf1
Bxe3+ 22. Kh1 Ng3+ 23. Kh2 Nxf1+ 24. Bxf1 Bxd4 25. Bf4 Bxc3 26. bxc3 Rf8 27.
Qd4 O-O-O 28. Be3 Qd6+ 29. Kg1 b6 30. Qxg7 Rd7 31. Ba6+ Kc7 32. Qh6 Rdf7 33.
Be2 Kb7 34. Bxh5 Rf6 35. Bd4 Re6 36. Bg7 Rfe8 37. Rf1 Bxh5 38. Qxh5 Ka6 39.
Qe2+ Ka5 40. Rf7 Qb8 41. c4 d4 42. Qd2+ Ka6 43. Qb4 1/2-1/2

[Event "Faxe EMT 2010"]
[Site "Faxe"]
[Date "2010.04.21"]
[Round "5"]
[White "Olsen, Michael2"]
[Black "Jakobsen, Henning"]
[Result "1-0"]
[WhiteElo "1209"]
[BlackElo "1230"]
[PlyCount "159"]
[EventDate "2010.??.??"]

1. d4 Nf6 2. c4 g6 3. Nc3 Bg7 4. e4 d6 5. h3 O-O 6. Nge2 Nc6 7. Ng3 e5 8. d5
Nd4 9. Be3 Nd7 10. Nge2 Nxe2 11. Bxe2 f5 12. f3 f4 13. Bf2 a6 14. a4 Nf6 15.
Bh4 Qe8 16. Bxf6 Bxf6 17. Qb3 Bh4+ 18. Kd2 Qe7 19. Raf1 Qg5 20. Nd1 Rb8 21. Qc3
Bd7 22. b3 b6 23. Kc2 a5 24. Qd2 Bg3 25. Bd3 Qd8 26. Nf2 h5 27. Nd1 Qe8 28. Nb2
Kf7 29. Kb1 Rg8 30. Bc2 Qe7 31. Nd1 c5 32. Nc3 Rg7 33. Ne2 Qh4 34. Nxg3 Qxg3
35. h4 Rbg8 36. Qf2 Qxf2 37. Rxf2 g5 38. hxg5 Rxg5 39. Bd1 Kg6 40. Rh2 Rg3 41.
Rf1 Kh6 42. Rfh1 Be8 43. Rg1 R8g5 44. Kc2 Rg6 45. Kd2 Kg5 46. Ke1 h4 47. Kf2
Rh6 48. Rh3 Bd7 49. Rh2 Kf6 50. Be2 h3 51. Bf1 Rhg6 52. Ke2 Kg5 53. Kf2 Rh6 54.
Rgh1 Kf6 55. gxh3 Kg5 56. h4+ Kh5 57. Bh3 Bxh3 58. Rxh3 Rhg6 59. R3h2 Rg7 60.
Rb1 R7g6 61. Rf1 Rg7 62. Rfh1 R7g6 63. Ke2 Rg2+ 64. Kf1 R2g3 65. Rh3 Rg7 66.
Rxg3 Rxg3 67. Kf2 Rg6 68. Rb1 Kxh4 69. Rh1+ Kg5 70. Rh8 Kf6 71. Rb8 Rh6 72.
Rxb6 Rh2+ 73. Kg1 Rb2 74. Rxd6+ Ke7 75. Rb6 Rb1+ 76. Kg2 Rb2+ 77. Kh3 Kd7 78.
Rc6 Rxb3 79. Rxc5 Kd6 80. Rxa5 1-0

[Event "Faxe EMT 2010"]
[Site "Faxe"]
[Date "2010.04.21"]
[Round "5"]
[White "Hansen, Arne Mandrup"]
[Black "Nielsen, Harald"]
[Result "1-0"]
[WhiteElo "1425"]
[BlackElo "1460"]
[PlyCount "83"]
[EventDate "2010.??.??"]

1. d4 Nf6 2. Bf4 c6 3. e3 g6 4. Nd2 Bg7 5. c4 d5 6. Nb3 Nbd7 7. c5 O-O 8. Bd3
b6 9. cxb6 axb6 10. Nf3 Re8 11. Be2 Nh5 12. Bg3 e5 13. Qc1 Bb7 14. a4 e4 15.
Nfd2 f5 16. Bxh5 gxh5 17. h3 Re6 18. Bf4 Bh6 19. Bxh6 Rxh6 20. g3 Rg6 21. Nf1
Qf6 22. Qd2 Kh8 23. a5 bxa5 24. Rxa5 Rgg8 25. Nh2 Ba6 26. Qc3 Rgb8 27. Ra3 Bc4
28. Rxa8 Rxa8 29. Kd2 Qd8 30. Nc5 Qe8 31. Re1 Kg8 32. f4 Rb8 33. Rg1 Nxc5 34.
dxc5 Qe7 35. g4 Qg7 36. Qxg7+ Kxg7 37. gxf5+ Kf6 38. Kc1 Rb5 39. Rg5 Rb7 40.
Rxh5 Rg7 41. Ng4+ Kf7 42. Rh6 1-0

[Event "Faxe EMT 2010"]
[Site "Faxe"]
[Date "2010.04.22"]
[Round "5"]
[White "Hansen, Knud"]
[Black "Sorensen, Lindved"]
[Result "1-0"]
[WhiteElo "1446"]
[BlackElo "1598"]
[PlyCount "91"]
[EventDate "2010.??.??"]

1. e4 d5 2. exd5 Nf6 3. d4 Nxd5 4. Bc4 Bf5 5. c3 e6 6. Nf3 Bd6 7. O-O O-O 8.
Nbd2 c6 9. a4 Qc7 10. Re1 Nd7 11. Nf1 a6 12. Ne3 Be4 13. Nf1 N7f6 14. Ng3 Bxg3
15. hxg3 b5 16. Bb3 Nb6 17. Bg5 Nbd7 18. Bf4 Qb7 19. Bc2 c5 20. Bxe4 Nxe4 21.
Qc2 Nef6 22. dxc5 Nxc5 23. axb5 Qxb5 24. Nd4 Qd3 25. Red1 Qxc2 26. Nxc2 Nd5 27.
Bd6 Rfc8 28. Bxc5 Rxc5 29. Nd4 e5 30. Nf5 g6 31. Rxd5 Rxd5 32. Ne7+ Kg7 33.
Nxd5 Rd8 34. c4 Rc8 35. Nb6 Rd8 36. Nd5 Rc8 37. b3 Rc6 38. Kf1 Kh6 39. Ke2 Kg5
40. Kd3 f5 41. f3 h5 42. Re1 Re6 43. Rxe5 Rxe5 44. f4+ Kg4 45. fxe5 Kxg3 46. e6
1-0

[Event "Faxe EMT 2010"]
[Site "Faxe"]
[Date "2010.04.28"]
[Round "6"]
[White "Jensen, Leif"]
[Black "Hansen, Jens Hjort"]
[Result "0-1"]
[WhiteElo "2007"]
[BlackElo "1975"]
[PlyCount "100"]
[EventDate "2010.??.??"]

1. e4 c5 2. g3 d5 3. d3 Nc6 4. c3 Nf6 5. Qc2 b6 6. f4 dxe4 7. dxe4 Bb7 8. Bg2
e5 9. f5 Be7 10. Bg5 Qd6 11. Bxf6 Bxf6 12. Nd2 Ba6 13. Bf1 b5 14. a4 c4 15.
axb5 Bxb5 16. Bxc4 Bxc4 17. Nxc4 Qc5 18. b3 O-O 19. Ne2 Rfd8 20. Kf1 a5 21. Qa2
a4 22. b4 Qb5 23. Kg2 Rd3 24. Rad1 Rad8 25. Rxd3 Rxd3 26. Rf1 h5 27. Rf3 Rd1
28. Qc2 Rd8 29. Na3 Qb7 30. h4 Nb8 31. Nc4 Qb5 32. Ne3 Nd7 33. Nd5 Nb6 34. Nxb6
Qxb6 35. Rd3 Ra8 36. Nc1 Be7 37. Na2 Qc6 38. Rd5 Qc4 39. Kf2 Bd8 40. Qe2 Bb6+
41. Kf3 Qb3 42. Rd6 Bd4 43. Rc6 Rd8 44. Kg2 Ba7 45. Rc7 Be3 46. Qxe3 Qxa2+ 47.
Kh3 Rd2 48. Qg1 Qc2 49. Rc8+ Kh7 50. Rc7 Qxe4 0-1

[Event "Faxe EMT 2010"]
[Site "Faxe"]
[Date "2010.04.28"]
[Round "6"]
[White "Christensen, Lars (1957)"]
[Black "Andersen, Bjarne Hjorth"]
[Result "1/2-1/2"]
[WhiteElo "1992"]
[BlackElo "1860"]
[PlyCount "122"]
[EventDate "2010.??.??"]

1. e4 c6 2. Nf3 d5 3. e5 Bf5 4. Nh4 Bd7 5. d4 e6 6. Qg4 h5 7. Qg3 Nh6 8. Bd3
Nf5 9. Bxf5 exf5 10. Qf4 g6 11. Nf3 Bh6 12. Ng5 Qe7 13. O-O Na6 14. Bd2 Nc7 15.
Qg3 O-O-O 16. h4 Ne6 17. Nxe6 Bxe6 18. Bxh6 Rxh6 19. Qe3 Rh7 20. g3 g5 21. Qxg5
Qxg5 22. hxg5 h4 23. Nd2 hxg3 24. fxg3 Rdh8 25. Nf3 Rh3 26. Kf2 f4 27. gxf4 Bg4
28. Ke3 Rg3 29. Rf2 Rhh3 30. Raf1 Kd7 31. f5 Bxf5 32. Kf4 Be6 33. c3 Rg4+ 34.
Ke3 Rxg5 35. Rh1 Rgg3 36. Rxh3 Rxh3 37. Rh2 Rxh2 38. Nxh2 Ke7 39. Kf4 b6 40.
Kg5 Bd7 41. Nf3 Ke6 42. Nh4 Ke7 43. Ng2 Bh3 44. Nf4 Bf1 45. b3 Ba6 46. Nh5 Bd3
47. b4 Bc4 48. a3 Bd3 49. Ng7 a5 50. Nh5 axb4 51. axb4 Bc2 52. Nf4 Be4 53. Ne2
Bd3 54. Ng3 Ke6 55. Nh1 Bb5 56. Nf2 Bc4 57. Nd1 Bd3 58. Ne3 Bb1 59. Kg4 Bd3 60.
Kf4 Bb1 61. Kg5 Bd3 1/2-1/2

[Event "Faxe EMT 2010"]
[Site "Faxe"]
[Date "2010.04.28"]
[Round "6"]
[White "Arendal, Gustav"]
[Black "Christoffersen, Per"]
[Result "1-0"]
[WhiteElo "1890"]
[BlackElo "1477"]
[PlyCount "97"]
[EventDate "2010.??.??"]

1. e4 e6 2. d4 d5 3. Nc3 Bb4 4. e5 c5 5. a3 Bxc3+ 6. bxc3 Ne7 7. Nf3 Nbc6 8.
Be2 Qa5 9. Bd2 c4 10. O-O Bd7 11. Qb1 a6 12. a4 O-O 13. Bg5 Rab8 14. Qa2 h6 15.
Bf4 Ng6 16. Bc1 Rfe8 17. Qa3 Na7 18. Qb4 Qc7 19. Ba3 Nc8 20. Rfb1 a5 21. Qc5
Bc6 22. Bc1 b6 23. Qa3 Qd7 24. h4 Qe7 25. Qxe7 Rxe7 26. h5 Nf8 27. g4 f5 28.
exf6 gxf6 29. Bxh6 Rh7 30. Bf4 Rbb7 31. Nh4 Rbg7 32. h6 Re7 33. Re1 Be8 34. g5
fxg5 35. Bxg5 Rc7 36. Bg4 Rc6 37. Re5 Bf7 38. Rae1 Nd6 39. f3 b5 40. axb5 Nxb5
41. Rb1 Nc7 42. Rb8 a4 43. Be7 Ne8 44. Rg5+ Ng6 45. Nxg6 Bxg6 46. Rxe8+ Kf7 47.
Ra8 Bxc2 48. Ba3 Rxh6 49. Rf8# 1-0

[Event "Faxe EMT 2010"]
[Site "Faxe"]
[Date "2010.04.28"]
[Round "6"]
[White "Lindskov, Villy"]
[Black "Hansen, Aage"]
[Result "0-1"]
[WhiteElo "1767"]
[BlackElo "1607"]
[PlyCount "78"]
[EventDate "2010.??.??"]

1. e4 e6 2. d4 d5 3. e5 c5 4. c3 Nc6 5. Bb5 Bd7 6. Bxc6 Bxc6 7. Ne2 Qb6 8. O-O
Ne7 9. b3 Nf5 10. g4 Nh4 11. Ng3 cxd4 12. cxd4 Qxd4 13. Qxd4 Nf3+ 14. Kg2 Nxd4
15. Nd2 Bb4 16. Rd1 Bc3 17. Rb1 Bb5 18. Bb2 Bxb2 19. Rxb2 Rc8 20. Ndf1 Nc6 21.
f4 Bxf1+ 22. Nxf1 h5 23. g5 Ne7 24. Ne3 Kd7 25. Kf2 Rc7 26. Rdd2 Rhc8 27. Rbc2
Rxc2 28. Rxc2 Nc6 29. Ke1 Nb4 30. Rd2 Rc1+ 31. Ke2 Ra1 32. a4 Rb1 33. Nc4 Rxb3
34. Nd6 Nc6 35. Nxf7 Rb4 36. f5 Nd4+ 37. Rxd4 Rxd4 38. fxe6+ Kxe6 39. Nd8+ Kxe5
0-1

[Event "Faxe EMT 2010"]
[Site "Faxe"]
[Date "2010.04.28"]
[Round "6"]
[White "Eriksen, Keld"]
[Black "Brinkhard, Anders"]
[Result "1-0"]
[WhiteElo "1633"]
[BlackElo "1439"]
[PlyCount "57"]
[EventDate "2010.??.??"]

1. e4 c5 2. Nf3 Nc6 3. d4 cxd4 4. c3 e6 5. cxd4 d5 6. e5 Bd7 7. Nc3 Bb4 8. Bd2
Qa5 9. a3 Bxc3 10. Bxc3 Qb6 11. Bd3 h6 12. O-O Nge7 13. Qd2 a5 14. b4 a4 15.
Rab1 Nc8 16. Rfc1 O-O 17. g4 f6 18. h4 N6e7 19. Kg2 Bb5 20. g5 fxg5 21. hxg5
Bxd3 22. Qxd3 h5 23. Rh1 g6 24. Nh4 Kg7 25. Qh3 Nf5 26. Nxg6 Nxd4 27. Nxf8 Kxf8
28. Qxh5 Nf5 29. Qh8+ 1-0

[Event "Faxe EMT 2010"]
[Site "Faxe"]
[Date "2010.04.28"]
[Round "6"]
[White "Andersen, Hans E"]
[Black "Sorensen, Lindved"]
[Result "0-1"]
[WhiteElo "1433"]
[BlackElo "1598"]
[PlyCount "46"]
[EventDate "2010.??.??"]

1. e4 d5 2. exd5 Nf6 3. d4 Nxd5 4. Bc4 e6 5. Nf3 a6 6. a4 Nc6 7. c3 Bd6 8. Bg5
Be7 9. Bf4 Nxf4 10. O-O O-O 11. Nbd2 Na5 12. Ba2 c5 13. Qc2 cxd4 14. Nxd4 Bc5
15. N2f3 e5 16. Ne2 Nc6 17. Rad1 Qf6 18. Ng3 Bg4 19. Bb1 g6 20. Ne4 Qe7 21.
Rde1 Bxf3 22. gxf3 Qh4 23. Ng3 Qh3 0-1

[Event "Faxe EMT 2010"]
[Site "Faxe"]
[Date "2010.04.28"]
[Round "6"]
[White "Refsgaard, Kaj"]
[Black "Hansen, Knud"]
[Result "0-1"]
[WhiteElo "1584"]
[BlackElo "1446"]
[PlyCount "110"]
[EventDate "2010.??.??"]

1. Nf3 e6 2. d4 d5 3. c4 Nf6 4. Bg5 Be7 5. e3 O-O 6. Nbd2 h6 7. Bh4 c6 8. Bd3
Nbd7 9. O-O Nh7 10. Bg3 Ng5 11. Rc1 f5 12. cxd5 exd5 13. Bf4 Ne4 14. a3 c5 15.
dxc5 Ndxc5 16. Bb1 Bf6 17. b4 Ne6 18. Nxe4 fxe4 19. Nd4 Bxd4 20. Bg3 Bb6 21.
Qb3 Ng5 22. h4 Nf7 23. a4 a6 24. a5 Ba7 25. Rfd1 Qe7 26. Qxd5 Bg4 27. Re1 Rad8
28. Qxe4 Qxe4 29. Bxe4 Rd7 30. Rc3 Bb8 31. Bxb8 Rxb8 32. Rec1 Nd6 33. Bd5+ Kf8
34. f3 Bh5 35. e4 Bf7 36. Rc5 Bxd5 37. Rxd5 Ke7 38. Rcd1 Rbd8 39. Re5+ Kf6 40.
Red5 Ke6 41. f4 Nf7 42. Rxd7 Rxd7 43. Rxd7 Kxd7 44. e5 Nd8 45. Kf2 Nc6 46. Ke3
Nxb4 47. Kd4 Nc6+ 48. Kd5 Nxa5 49. g4 Nc6 50. e6+ Ke7 51. f5 Kf6 52. Kc5 g6 53.
Kb6 gxf5 54. gxf5 Ne7 55. Kxb7 a5 0-1

[Event "Faxe EMT 2010"]
[Site "Faxe"]
[Date "2010.04.28"]
[Round "6"]
[White "Eckert, Svend"]
[Black "Strandsbjerg, Jens"]
[Result "1-0"]
[WhiteElo "1510"]
[BlackElo "1555"]
[PlyCount "51"]
[EventDate "2010.??.??"]

1. c4 Nf6 2. d4 e6 3. Nc3 d5 4. e3 Be7 5. Qc2 O-O 6. Nf3 Nbd7 7. c5 c6 8. b4 a6
9. Bd3 h6 10. O-O Re8 11. Bb2 Bf8 12. a4 e5 13. dxe5 Nxe5 14. Nxe5 Rxe5 15. Ne2
Re8 16. Rfd1 Qe7 17. Bd4 Ng4 18. Ng3 Qh4 19. h3 Ne5 20. Bh7+ Kh8 21. Bf5 Qe7
22. Re1 Bxf5 23. Nxf5 Qd8 24. f4 Nd7 25. Nxh6 Nf6 26. Nxf7+ 1-0